000
00299nam a2200121Ia 4500
999
_c
6420
_d
6420
020
_a
1861526792
020
_a
9781861526793
100
_a
Christopher Barnatt
245
0
_a
Management Strategy and Information Technology
260
_a
London
_b
Prentice Hall Inc.
_c
1996
300
_a
224
942
_c
BK